Footballeurs en C - Statistiques

Statistiques générales
  • Ce quiz a été pris 154 fois
  • Le résultat moyen est 12 sur 20
Statistiques - réponses
Par images Réponse % Correct
Casillas
97%
Cherki
96%
Cavani
95%
Cech
93%
Chevalier
92%
Cafu
88%
Cissé
86%
Cannavaro
84%
Choupo-Moting
84%
Costil
68%
Clichy
57%
Cole
55%
Chamakh
51%
Carragher
43%
Cheyrou
43%
Carrière
35%
Carew
15%
Candela
13%
Cohade
8%
Chimbonda
4%
Aucun quiz correspondant
Distribution des résultats
% des personnes avec chaque résultat
Percentile par nombre de réponses
Votre historique - résultats
Vous n’avez pas pris ce quiz